02958nam a2200361 a 4500001001200000003000800012006001900020007001500039008004100054010001700095020003000112020002700142020002700169040002100196035002100217050002500238082001700263245016900280260005500449300002400504490003700528504005100565505153200616533015202148650003402300655002902334700001502363700002002378710001702398830003802415856012602453999001702579ebr10671359CaPaEBRm u cr cn|||||||||090427s2009 nyua sb 001 0 eng d z 2009017390 z9781607416449 (hardcover) z1607416441 (hardcover) z9781613245705 (e-book) aCaPaEBRcCaPaEBR a(OCoLC)74463434114aBL625.4b.F35 2009eb04a200.84/622200aFaith and well-being in later lifeh[electronic resource] :blinking theories with evidence in an interdisciplinary inquiry /cAmy L. Ai and Monika Ardelt, editors. aNew York :bNova Science Publishers, Inc.,cc2009. axvi, 199 p. :bill.1 aReligion and spirituality series aIncludes bibliographical references and index.0 aIntroduction : Scientific investigation of the multifaceted faith effects in aging : a theory-based interdisciplinary inquiry / Amy L. Ai and Monika Ardelt -- Effects of religiousness on positive and negative social behavior among nursing home residents / Kenneth J. Branco -- The buffering role of religiousness and spiritual seeking on sense of control among older adults in poor physical health : a gender influence / Paul Wink, Michele Dillon, and Adrienne Prettyman -- Dimensions of religion and spirituality in psychological adjustment in older adults living with congestive heart failure / C.L. Park, Mohamad Brooks, and Jessica Sussman -- The temporal nature of direct faith effect on global functioning and vitality in patients undergoing open-heart surgery / Amy L. Ai and Christopher Peterson -- Differential roles of religious orientation on subjective well-being and death attitudes in old age : mediation of spiritual activities and purpose in life / Monika Ardelt and Cynthia S. Koenig -- Counteracting pathways of prayer coping to the short-term postoperative adjustment in middle-aged and older cardiac patients / Amy L. Ai ...[et al.] -- Untangling the relationships between religiousness, social networks, and the variety and quality of social support among middle-aged and older adults with visual impairment / Mark Brennan and Eun-Kyoung Othelia Lee -- Faith and fitness : religious beliefs, congregational support, and exercise in a nationwide sample of Presbyterians / Christopher G. Ellison ...[et al.]. aElectronic reproduction.bPalo Alto, Calif. :cebrary,d2013.nAvailable via World Wide Web.nAccess may be limited to ebrary affiliated libraries. 0aOlder peoplexReligious life. 7aElectronic books.2local1 aAi, Amy L.1 aArdelt, Monika.2 aebrary, Inc. 0aReligion and spirituality series.40uhttp://site.ebrary.com/lib/rucke/Doc?id=10671359zAn electronic book accessible through the World Wide Web; click to view c62443d62443